000 00456nam a2200193Ia 4500
005 20240823033419.0
008 240823s9999||||xx |||||||||||||| ||und||
020 _a978-81-8322-238-9
041 _aENGLISH
082 _A158.1 Q2
100 _aBrain Tracy
245 0 _aChange your Thinking change your life
250 _a1st
260 _c2012
_bManjul Public
500 _aYES
650 _aTamil Books
_bGeneral
942 _cBK
999 _c195754
_d195754